Normal view
MARC view
Entry Personal Name
001 - CONTROL NUMBER
- control field: 160190
003 - CONTROL NUMBER IDENTIFIER
- control field: OSt
005 - DATE AND TIME OF LATEST TRANSACTION
- control field: 20220923211310.0
008 - FIXED-LENGTH DATA ELEMENTS
- fixed length control field: 220923|| aca||aabn | a|a d
040 ## - CATALOGING SOURCE
- Original cataloging agency: OSt
- Transcribing agency: OSt
100 ## - HEADING--PERSONAL NAME
- Personal name: राव, के. विक्रम
670 ## - SOURCE DATA FOUND
- Source citation: Work cat.: (OSt)298230: राव, के. विक्रम, पत्रकार की राजनीतिक विचार - यात्रा, 2013
